000 00714nam a2200265Ia 4500
003 OSt
005 20220918163423.0
006 a|||||r|||| 00| 0
007 ta
008 220917b |||||||| |||| 00| 0 eng d
020 _a0 7145 3535 4
024 _a28,997
037 _cTextual
040 _aARTS
_cARTS
_beng
041 _2eng
_aeng
082 _aO111,3x(Y)N05, L7
100 _aAtkins John
_913044
245 0 _aSix novelist look at society
260 _aLonodn
_bJohn Colder
_c1977
300 _a284p.
_ccm.
490 _aLiterary criticism and biography
650 _aENGLISH LITERATURE
942 _hO111,3x(Y)N05, L7
_cTEXL
_2CC
999 _c119500
_d119500